Grammars of the Urban Ground.

The contributors to Grammars of the Urban Ground develop a new conceptual framework and vocabulary for capturing the complex, ever-shifting, and interactive processes that shape contemporary cities.

Bibliographic Details
Main Author: Amin, Ash.
Other Authors: Lancione, Michele.
Format: eBook
Language:English
Published: Durham : Duke University Press, 2022.
Edition:1st ed.
Subjects:
Online Access:Click to View
LEADER 01666nam a22003973i 4500
001 EBC29920100
003 MiAaPQ
005 20231204023229.0
006 m o d |
007 cr cnu||||||||
008 231204s2022 xx o ||||0 eng d
020 |a 9781478092643  |q (electronic bk.) 
020 |z 9781478018339 
035 |a (MiAaPQ)EBC29920100 
035 |a (Au-PeEL)EBL29920100 
035 |a (OCoLC)1285671967 
040 |a MiAaPQ  |b eng  |e rda  |e pn  |c MiAaPQ  |d MiAaPQ 
050 4 |a HT151 
082 0 |a 307.76 
100 1 |a Amin, Ash. 
245 1 0 |a Grammars of the Urban Ground. 
250 |a 1st ed. 
264 1 |a Durham :  |b Duke University Press,  |c 2022. 
264 4 |c Ã2022. 
300 |a 1 online resource (265 pages) 
336 |a text  |b txt  |2 rdacontent 
337 |a computer  |b c  |2 rdamedia 
338 |a online resource  |b cr  |2 rdacarrier 
520 |a The contributors to Grammars of the Urban Ground develop a new conceptual framework and vocabulary for capturing the complex, ever-shifting, and interactive processes that shape contemporary cities. 
588 |a Description based on publisher supplied metadata and other sources. 
590 |a Electronic reproduction. Ann Arbor, Michigan : ProQuest Ebook Central, 2023. Available via World Wide Web. Access may be limited to ProQuest Ebook Central affiliated libraries.  
655 4 |a Electronic books. 
700 1 |a Lancione, Michele. 
776 0 8 |i Print version:  |a Amin, Ash  |t Grammars of the Urban Ground  |d Durham : Duke University Press,c2022  |z 9781478018339 
797 2 |a ProQuest (Firm) 
856 4 0 |u https://ebookcentral.proquest.com/lib/matrademy/detail.action?docID=29920100  |z Click to View